广西壮族自治区小测验-Guangxi Zhuang AR Quiz - Statistics

General Stats
  • This quiz has been taken 32 times
  • The average score is 16 of 22
Answer Stats
提示 答案 % Correct
首府城市 南宁市
100%
相邻的省级行政区 广东省
100%
相邻的省级行政区 湖南省
100%
相邻的省级行政区 贵州省
100%
相邻的省级行政区 云南省
100%
接壤的国家 越南
100%
主要的汉方言大类 官话
91%
主要的汉方言大类 粤语
91%
这种地貌占广西全区总面积约40% {喀斯特}地貌
91%
最大的工业城市 柳州
86%
这条河流出现在现行人民币的背景上 漓江
82%
广西壮族自治区在这一年成立 1958
73%
主要的汉方言大类 客家话
68%
这座边境关隘是中国九大名关之一 友谊关
64%
这位奥运冠军、企业家出生于广西柳州 李宁
64%
这条运河是是世界上最古老的运河之一 灵渠
55%
“太平天国”运动始于洪秀全等人在广西发动的这场武装起义 {金田}起义
55%
主要的汉方言大类 平话
50%
全国唯一的毛南族自治县 {环江}毛南族自治县
50%
这位无产阶级革命家出生于广西南宁, 她被称为中国妇女运动的先驱 邓颖超
36%
广西的海拔最高点是这座山峰 猫儿山/神猫顶
32%
中国唯一以儒艮命名的保护区 (提示:以所在县名命名) 广西{合浦}儒艮 国家级自然保护区
27%
No matching quizzes found
Score Distribution
Percent of People with Each Score
Percentile by Number Answered
Your Score History
You have not taken this quiz